Diccionario de la otra economía (Registro nro. 7024)

Detalles MARC
000 -LEADER
fixed length control field 00812 a2200253 4500
001 - CONTROL NUMBER
control field 60514
005 - DATE AND TIME OF LATEST TRANSACTION
control field 20260407155856.0
008 - FIXED-LENGTH DATA ELEMENTS--GENERAL INFORMATION
fixed length control field 260407a2013 arg spa d
003 - CONTROL NUMBER IDENTIFIER
control field AR-UNSa-BCEJYS
040 ## - CATALOGING SOURCE
Original cataloging agency AR-UNSa-BCEJYS
Language of cataloging spa
Transcribing agency AR-UNSa-BCEJYS
080 ## - UNIVERSAL DECIMAL CLASSIFICATION NUMBER
Universal Decimal Classification number (038)33
Common auxiliary subdivision Diccionario de Economía
020 ## - INTERNATIONAL STANDARD BOOK NUMBER
International Standard Book Number 978-987-630-153-4
041 ## - LANGUAGE CODE
Language code of text/sound track or separate title spa
100 1# - MAIN ENTRY--PERSONAL NAME
Personal name Cattani, Antonio David
245 10 - TITLE STATEMENT
Title Diccionario de la otra economía
250 ## - EDITION STATEMENT
Edition statement 2a. ed.
264 #1 - PRODUCTION, PUBLICATION, DISTRIBUTION, MANUFACTURE, AND COPYRIGHT NOTICE
Place of production, publication, distribution, manufacture Los Polvorines :
Name of producer, publisher, distributor, manufacturer Universidad Nacional de General Sarmiento
Date of production, publication, distribution, manufacture, or copyright notice 2013
300 ## - PHYSICAL DESCRIPTION
Extent 381 p.
Dimensions 22 cm.
590 ## - LOCAL NOTE (RLIN)
Local note niveau_biblio:m niveau_hierar:0
700 1# - ADDED ENTRY--PERSONAL NAME
Personal name Coraggio, José Luis
700 1# - ADDED ENTRY--PERSONAL NAME
Personal name Laville, Jean-Louis
856 41 - ELECTRONIC LOCATION AND ACCESS
Uniform Resource Identifier <a href="https://www.biblioeco.unsa.edu.ar/pmb/images/libros/L129215.jpg">https://www.biblioeco.unsa.edu.ar/pmb/images/libros/L129215.jpg</a>
Link text Imagen de portada
Electronic format type image/jpeg
942 ## - ADDED ENTRY ELEMENTS (KOHA)
Koha item type
Existencias
Withdrawn status Lost status Damaged status Not for loan Home library Current library Shelving location Date acquired Total checkouts Full call number Barcode Date last seen Price effective from Koha item type
        Biblioteca Prof. Eusebio Cleto del Rey Biblioteca Prof. Eusebio Cleto del Rey   07/04/2026   R(038)33 C368 L129215 07/04/2026 07/04/2026 Libro